Conflicto colectivo jurd̕ico y proceso de trabajo

Detalles Bibliográficos
Autor principal: Romero Muǫz, Rogelio
Formato: eBook
Lenguaje:español
Publicado: Lima: Palestra Editores, 2020
Materias:
Acceso en línea:Acceso restringido

MARC

LEADER 00000nam a22000007a 4500
005 20220818230038.0
007 cr|||| ||||
008 220818s2020 pe |||||s|||| 00||0 spa d
020 |a 9786123251208 
035 |a 36893 
040 |a vLex 
090 |c 13755  |d 13755 
100 1 |a Romero Muǫz, Rogelio 
245 1 0 |a Conflicto colectivo jurd̕ico y proceso de trabajo  |h [Recurso electrn̤ico] /  |c Rogelio Romero Muǫz 
256 |a Servicio en ln̕ea 
260 |a Lima:  |b Palestra Editores,  |c 2020 
300 |a 1 recurso electrn̤ico 
500 |a El autor analiza el problema de la carencia de un conjunto sistemt̀ico de modalidades especiales para procesar conflictos colectivos jurd̕icos en materia laboral, cuando se afectan intereses generales de un grupo genřico o categora̕ de trabajadores por incumplimiento de la legislacin̤ o del convenio colectivo. Ello ha ocasionado la prc̀tica desaparicin̤ de las acciones colectivas de la jurisdiccin̤ laboral y la preferencia por las acciones individuales en lugar de una solucin̤ concentrada, lo que contribuye a saturar la carga de los juzgados con acciones repetitivas e idňticas. En las l︢timas dčadas, esta situacin̤ ha sido parte de un progresivo retroceso que ha restringido la capacidad de defensa de las organizaciones sindicales de sus afiliados. Lo cual se traduce en la afectacin̤ del derecho a la tutela judicial efectiva de los trabajadores, al imponerse restricciones o barreras que impiden a sus organizaciones sindicales acceder a la justicia en forma colectiva. Asimismo, se afecta el derecho fundamental de la libertad sindical al restringir la capacidad de defensa de los sindicatos que le reconoce la Constitucin̤ Polt̕ica, el Convenio 87 de la OIT y otros tratados sobre derechos humanos que conforman nuestro bloque de constitucionalidad. Frente a este panorama, el autor propone concretas alternativas jurisprudenciales y de polt̕ica legislativa a fin de solucionar esta carencia. 
506 1 |a Disponible solo en los productos indicados  |d vLex Global  |d vLex Global (Academic Edition, excluding Law Schools)  |d vLex Global (U.S. Academic Edition, Law Schools)  |d vLex Global (U.S. Academic Edition, excluding Law Schools)  |d vLex Global (Academic Edition, Law Schools) 
650 0 4 |a Derecho Laboral y Seguridad Social  |z Per︢ 
650 0 4 |a Procedimiento Laboral  |z Per︢ 
740 0 |a vLex Libros (Servicio en ln̕ea) 
856 4 0 |u https://app.vlex.com/#/sources/36893  |z Acceso restringido 
942 |c BOOK 
999 0 |a Labor Law and Social Security 
999 0 |a Labor Procedure